A mesterséges intelligencia lehetőségei és kihívásai a rendezvényszervezésben
| Szerző: | |
|---|---|
| További közreműködők: | |
| Dokumentumtípus: | Diplomadolgozat |
| Kulcsszavak: | digitalizáció mesterséges intelligencia rendezvények rendezvényszervezés technológia |
| Online Access: | http://dolgozattar.uni-bge.hu/59607 |
MARC
| LEADER | 00000nta a2200000 i 4500 | ||
|---|---|---|---|
| 001 | dolg59607 | ||
| 005 | 20260409145309.0 | ||
| 008 | 260409suuuu hu om 000 hun d | ||
| 040 | |a BGE Dolgozattár Repozitórium |b hun | ||
| 041 | |a hu | ||
| 100 | 1 | |a Farkas Laura | |
| 245 | 1 | 2 | |a A mesterséges intelligencia lehetőségei és kihívásai a rendezvényszervezésben |c Farkas Laura |h [elektronikus dokumentum] |
| 520 | 3 | |a A dolgozat célja feltárni a mesterséges intelligencia (MI) szerepét és alkalmazási lehetőségeit a rendezvényszervezés területén. Vizsgálja, hogy az MI hogyan növeli a szervezési folyamatok hatékonyságát, milyen módon képes javítani a résztvevői élményt, valamint milyen etikai és adatvédelmi kérdések merülnek fel a használata során. A kutatás többek között interjúk és esettanulmányok segítségével ad egy átfogó képet a technológia jelenlegi gyakorlati hatásairól és jövőbeli potenciáljáról. | |
| 695 | |a digitalizáció | ||
| 695 | |a mesterséges intelligencia | ||
| 695 | |a rendezvények | ||
| 695 | |a rendezvényszervezés | ||
| 695 | |a technológia | ||
| 700 | 1 | |a Fekete Dr. Imre |e ths | |
| 856 | 4 | 0 | |u http://dolgozattar.uni-bge.hu/59607/1/Farkas_Laura_Szakdolgozat.pdf |z Dokumentum-elérés |
| 856 | 4 | 0 | |u http://dolgozattar.uni-bge.hu/59607/2/Farkas_Laura_konzulensi_b%C3%ADr%C3%A1lat.pdf |z Dokumentum-elérés |
| 856 | 4 | 0 | |u http://dolgozattar.uni-bge.hu/59607/3/Farkas%20Laura_opponens_biralat_Tak%C3%A1cs%20Edit.pdf |z Dokumentum-elérés |